000 00766nam a2200205Ia 4500
001 4211
003 GE_BSU
008 181216s||||||||xx |||||||||||||| ||und||
040 _cGE_BSU
080 _a658.382.3
100 _aБрейман,М.И. Гражданов,Д.Е.
245 _aТехника безопасности при проектировании и освоении нефтехимических предприятий.
245 _cРед. В. П. Кушелев.
260 _aМ.
260 _bХимия.
260 _c1972.
300 _a294стр. 20 см.
653 _aТехника безопасности при проектировании и освоении нефтехимических предприятий.
942 _cBK
999 _c38221
_d38221